000 00502nam a2200169 i 4500
001 26345
003 ES-MaACL
005 20230906153428.0
007 t|
008 030108s1956 sp ||||1| spa d
100 1 _aArtigas, Vicente.
_923469
245 1 0 _aPatología quirúrgica del pancreas /
_cpor V. Artigas.
250 _a[1ª ed.].
260 _aBarcelona, etc. :
_bSalvat,
_c[1956] (
_fImp. Hispano-Americana)
300 _aXVI, 566 p. :
_bil. ;
_c25 cm.
852 _aES-MaACL
_jC-10872
_bR.39199
999 _c26345
_d26345